000 01232pam a2200337 a 4500
001 2438161
003 OSt
005 20240628120942.0
008 880902s1989 enka b 001 0 eng
010 _a 88028551
020 _a0521363373
020 _z0521340837
020 _z0521335973 (pbk.)
040 _cmust
082 0 0 _a333.7 FRA 1989
_219
245 0 4 _aThe Fragile environment :
_bthe Darwin College lectures /
_cedited by Laurie Friday and Ronald Laskey.
260 _aCambridge [England] ;
_aNew York :
_bCambridge University Press,
_c1989.
300 _ax, 198 p. :
_bill. ;
_c26 cm.
500 _aLectures delivered in Cambridge in 1987.
504 _aIncludes bibliographical references.
650 0 _aEcology.
_9544
650 0 _aNature conservation.
_918339
650 0 _aConservation of natural resources.
_97083
700 1 _aFriday, Laurie,
_d1955-
_918340
700 1 _aLaskey, R. A.
_918341
740 0 _aDarwin College lecture series.
856 4 2 _3Publisher description
_uhttp://www.loc.gov/catdir/description/cam041/88028551.html
856 4 1 _3Table of contents
_uhttp://www.loc.gov/catdir/toc/cam041/88028551.html
906 _a7
_bcbc
_corignew
_d1
_eocip
_f19
_gy-gencatlg
942 _2ddc
_cO_SHELF
999 _c9019
_d9019